000 00419nam a2200145Ia 4500
008 220217s9999||||xx |||||||||||||| ||und||
020 _a81-203-2219-3
082 _a823 MIC
100 _aRoskin, Michael, G Berry, Nicholas, O
_93565
245 0 _aIR the new world if international relations
250 _a15th
260 _aPrentice hall of india
_bNew Delhi
_c2002
300 _b195
650 _aGENERAL BOOKS
999 _c172188
_d172188